| 000 | 00629nam a2200229Ia 4500 | ||
|---|---|---|---|
| 003 | OSt | ||
| 005 | 20221005125929.0 | ||
| 006 | a|||||r|||| 00| 0 | ||
| 007 | ta | ||
| 008 | 221004b |||||||| |||| 00| 0 eng d | ||
| 024 | _a60779 | ||
| 037 | _cTextual | ||
| 040 |
_aCRL _cCRL _beng |
||
| 041 |
_2eng _aeng |
||
| 082 | _aU2856p237:N62, K4 | ||
| 110 |
_aSYMPOSIUM ON Arid zone problems (Jodhpur) (1962) _9637343 |
||
| 245 | 0 | _aProceedings | |
| 260 | _c1964 | ||
| 700 |
_aSYMPOSIUM ON Arid zone problems (Jodhpur) (1962) _9637344 |
||
| 942 |
_hU2856p237:N62, K4 _cTEXL _2cc |
||
| 999 |
_c1055543 _d1055543 |
||